Ultimate Charmed Names - Statistics

General Stats
  • This quiz has been taken 4 times
  • The average score is 19 of 35
Answer Stats
surname First name % Correct
trudeau Andy
100%
turner Cole
100%
Wyatt Leo
100%
Matthews Paige
100%
Phoebe
100%
Halliwell Piper
100%
prue
100%
Bennett Victor
100%
jenkins Billie
75%
Chris
75%
gordon Dan
75%
Morris Darryl
75%
Patty
75%
Penny
75%
Wilder Sam
75%
Wyatt
75%
demon of fear barbas
50%
Christy
50%
Mitchell henry
50%
sheridan Jack
50%
jenny
50%
demon z Zankou
50%
Lawson Dex
25%
demon Billy Zane Drake
25%
rothman Elise
25%
Dean Jason
25%
Brody kyle
25%
Buckland Rex
25%
Sheila
25%
Williamson Curtis
0%
bad whitelighter Gideon
0%
Webster Hannah
0%
Burns Jeremy
0%
st Claire Leslie
0%
Davidson Reece
0%
No matching quizzes found
Score Distribution
Percent of People with Each Score
Percentile by Number Answered
Your Score History
You have not taken this quiz